| 000 -LEADER |
| fixed length control field |
00348nam a22001217a 4500 |
| 008 - FIXED-LENGTH DATA ELEMENTS--GENERAL INFORMATION |
| fixed length control field |
250217b ||||| |||| 00| 0 eng d |
| 020 ## - INTERNATIONAL STANDARD BOOK NUMBER |
| International Standard Book Number |
9781782096474 |
| 082 ## - DEWEY DECIMAL CLASSIFICATION NUMBER |
| Classification number |
629.4 |
| 100 ## - MAIN ENTRY--PERSONAL NAME |
| Personal name |
BECKLAKE,SUE |
| Relator term |
AUTHOR |
| 245 ## - TITLE STATEMENT |
| Title |
SPACE TRAVEL |
| 260 ## - PUBLICATION, DISTRIBUTION, ETC. |
| Place of publication, distribution, etc. |
HARDING'S ABRN BARDFIELD END GREEN,THAXTED,ESSEX,CM6 3PX,UK |
| Name of publisher, distributor, etc. |
MILES KELLY PUBLISHING LTD |
| 942 ## - ADDED ENTRY ELEMENTS (KOHA) |
| Source of classification or shelving scheme |
|